ARRUPE JESUIT UNIVERSITY

CORONAVIRUS -STOP THE SPREAD - CLEAN,DISINFECT,COVER

Africa's liberation : (Record no. 118047)

MARC details
000 -LEADER
fixed length control field 01259cam a2200313 a 4500
001 - CONTROL NUMBER
control field 16542354
003 - CONTROL NUMBER IDENTIFIER
control field ARRUPE
005 - DATE AND TIME OF LATEST TRANSACTION
control field 20140322020012.0
008 - FIXED-LENGTH DATA ELEMENTS--GENERAL INFORMATION
fixed length control field 101118s2010 ke a b 001 0 eng
010 ## - LIBRARY OF CONGRESS CONTROL NUMBER
LC control number 2010306884
020 ## - INTERNATIONAL STANDARD BOOK NUMBER
International Standard Book Number 9781906387716
020 ## - INTERNATIONAL STANDARD BOOK NUMBER
International Standard Book Number 1906387710
040 ## - CATALOGING SOURCE
Original cataloging agency DLC
Transcribing agency DLC
Modifying agency DLC
042 ## - AUTHENTICATION CODE
Authentication code pcc
-- lcode
050 00 - LIBRARY OF CONGRESS CALL NUMBER
Classification number DT448.2
Item number .A37 2010
300 ## - PHYSICAL DESCRIPTION
Other physical details ill. ;
Dimensions 20 cm.
245 00 - TITLE STATEMENT
Title Africa's liberation :
Remainder of title the legacy of Nyerere /
Statement of responsibility, etc edited by Chambi Chachage and Annar Cassam.
260 ## - PUBLICATION, DISTRIBUTION, ETC. (IMPRINT)
Place of publication, distribution, etc Nairobi :
Name of publisher, distributor, etc Pambazuka Press ;
Place of publication, distribution, etc Kampala :
Name of publisher, distributor, etc Fountain Publishers,
Date of publication, distribution, etc 2010.
300 ## - PHYSICAL DESCRIPTION
Extent xvii, 195 p. :
504 ## - BIBLIOGRAPHY, ETC. NOTE
Bibliography, etc Includes bibliographical references and index.
600 10 - SUBJECT ADDED ENTRY--PERSONAL NAME
Personal name Nyerere, Julius K.
Fuller form of name (Julius Kambarage),
Dates associated with a name 1922-1999.
9 (RLIN) 1272
651 #0 - SUBJECT ADDED ENTRY--GEOGRAPHIC NAME
Geographic name Tanzania
General subdivision Politics and government
Chronological subdivision 1964-
9 (RLIN) 1273
700 1# - ADDED ENTRY--PERSONAL NAME
Personal name Chachage, Chambi.
9 (RLIN) 1274
700 1# - ADDED ENTRY--PERSONAL NAME
Personal name Cassam, Annar.
9 (RLIN) 1275
856 42 - ELECTRONIC LOCATION AND ACCESS
Materials specified Contributor biographical information
Uniform Resource Identifier <a href="http://www.loc.gov/catdir/enhancements/fy1111/2010306884-b.html">http://www.loc.gov/catdir/enhancements/fy1111/2010306884-b.html</a>
856 42 - ELECTRONIC LOCATION AND ACCESS
Materials specified Publisher description
Uniform Resource Identifier <a href="http://www.loc.gov/catdir/enhancements/fy1111/2010306884-d.html">http://www.loc.gov/catdir/enhancements/fy1111/2010306884-d.html</a>
906 ## - LOCAL DATA ELEMENT F, LDF (RLIN)
a 7
b cbc
c origres
d 3
e ncip
f 20
g y-gencatlg
942 ## - ADDED ENTRY ELEMENTS (KOHA)
Source of classification or shelving scheme Library of Congress Classification
Koha item type Monograph ( Printed materials)
Koha issues (borrowed), all copies 2
Holdings
Withdrawn status Lost status Source of classification or shelving scheme Damaged status Not for loan Home library Current library Shelving location Date acquired Total Checkouts Full call number Barcode Date last seen Date checked out Price effective from Koha item type
    Library of Congress Classification     ARRUPE LIBRARY ARRUPE LIBRARY Main Collection 25/09/2013 4 DT448.2 .A37 2010 46408280 07/11/2019 30/10/2019 25/09/2013 Monograph ( Printed materials)

 

Arrupe Library. PO Box MP320 Mt Pleasant, Harare, Zimbabwe
263 242 745411|librarian@aju.ac.zw